Namibia trade directory 2010 : a review of Namibian trade and industry.
| Format: | Book |
|---|---|
| Published: |
Windhoek:
Namibia Trade Directory,
2010.
|
| Subjects: |
| LEADER | 00449cam a2200133 7i4500 | ||
|---|---|---|---|
| 001 | 0000025150 | ||
| 005 | 20101126090000.0 | ||
| 090 | 0 | 0 | |a NAMB 338.7025 |b NAM |
| 245 | 0 | 0 | |a Namibia trade directory 2010 : |b a review of Namibian trade and industry. |
| 260 | 0 | 0 | |a Windhoek: |b Namibia Trade Directory, |c 2010. |
| 300 | # | # | |a 264 p. |
| 650 | 0 | 0 | |a Business -- |x Directories -- |z Namibia |
| 651 | 0 | 0 | |a Namibia |
| 999 | |a 0000027740 |b Directories |c Countries |e Business Information Centre | ||